West Side story (Record no. 1887)

MARC details
000 -LEADER
fixed length control field 03283cjm a2200685 a 4500
001 - CONTROL NUMBER
control field data
005 - DATE AND TIME OF LATEST TRANSACTION
control field 20260322212123.0
007 - PHYSICAL DESCRIPTION FIXED FIELD--GENERAL INFORMATION
fixed length control field data
008 - FIXED-LENGTH DATA ELEMENTS--GENERAL INFORMATION
fixed length control field data
035 ## - SYSTEM CONTROL NUMBER
System control number 13619676
010 ## - LIBRARY OF CONGRESS CONTROL NUMBER
LC control number 2004586009
024 1# - OTHER STANDARD IDENTIFIER
Standard number or code 636943912621
028 01 - PUBLISHER OR DISTRIBUTOR NUMBER
Publisher or distributor number 8.559126
Source Naxos
033 20 - DATE/TIME AND PLACE OF AN EVENT
Formatted date/time 20010918
-- 20010918
Geographic classification area code 3964
Geographic classification subarea code N2
035 ## - SYSTEM CONTROL NUMBER
System control number (OCoLC)51028116
040 ## - CATALOGING SOURCE
Original cataloging agency CIN
Language of cataloging eng
Transcribing agency CIN
Modifying agency DLC
-- OCLCQ
-- MDY
-- OCLCQ
-- BTCTA
-- OCLCG
-- RCS
-- MTG
-- OCLCQ
-- VP@
-- OCLCA
-- OCLCF
-- YW6
-- DLC
041 0# - LANGUAGE CODE
Language code of sung or spoken text eng
Language code of accompanying material other than librettos and transcripts ger
-- fre
-- ger
042 ## - AUTHENTICATION CODE
Authentication code lccopycat
045 0# - TIME PERIOD OF CONTENT
Formatted 9999 B.C. through C.E. time period d1957
050 00 - LIBRARY OF CONGRESS CALL NUMBER
Classification number SDA 99714
082 04 - DEWEY DECIMAL CLASSIFICATION NUMBER
Classification number 782.14
Edition information 22
100 1# - MAIN ENTRY--PERSONAL NAME
Personal name Bernstein, Leonard,
Dates associated with a name 1918-1990.
245 10 - TITLE STATEMENT
Title West Side story
Medium [sound recording] :
Remainder of title the original score /
Statement of responsibility, etc. Leonard Bernstein.
260 ## - PUBLICATION, DISTRIBUTION, ETC.
Place of publication, distribution, etc. [Hong Kong] :
Name of publisher, distributor, etc. Naxos,
Date of publication, distribution, etc. p2002.
300 ## - PHYSICAL DESCRIPTION
Extent 1 sound disc (75 min., 16 sec.) :
Other physical details digital ;
Dimensions 4 3/4 in.
306 ## - PLAYING TIME
Playing time 011516
336 ## - CONTENT TYPE
Content type term performed music
Content type code prm
Source rdacontent
337 ## - MEDIA TYPE
Media type term audio
Media type code s
Source rdamedia
338 ## - CARRIER TYPE
Carrier type term audio disc
Carrier type code sd
Source rdacarrier
490 1# - SERIES STATEMENT
Series statement American classics
500 ## - GENERAL NOTE
General note Musical.
500 ## - GENERAL NOTE
General note "This recording of his theatrical masterpiece presents Bernstein's score as he originally conceived it, prior to its film and Broadway renditions"--Container.
500 ## - GENERAL NOTE
General note Based on a conception of Jerome Robbins; book by Arthur Laurents; lyrics by Stephen Sondheim; orchestration by Leonard Bernstein, Sid Ramin and Irwin Kostal.
500 ## - GENERAL NOTE
General note Compact disc.
500 ## - GENERAL NOTE
General note Program notes in English with German and French translations, biographical notes on the performers and synopsis in English (12 p. : ports.) inserted in container.
505 00 - FORMATTED CONTENTS NOTE
Miscellaneous information Finale.
Title Taunting scene --
-- Something's coming --
-- Blues --
-- Promenade --
-- Mambo --
-- Maria --
-- Balcony scene/
-- Tonight --
-- America --
-- Cool --
-- One hand, one heart --
-- Quintet/
-- Tonight --
-- Rumble --
-- I feel pretty --
-- Ballet sequence --
-- Transition to scherzo --
-- Scherzo --
-- Somewhere --
-- Procession and nightmare --
-- Gee Officer Krupke --
-- Boy like that/
-- I have a love --
-- Taunting scene --
Miscellaneous information Finale.
511 0# - PARTICIPANT OR PERFORMER NOTE
Participant or performer note Betsi Morrison (Maria) ; Mike Eldred (Tony) ; Marianne Cooke (Anita) ; Michael San Giovanni (Bernardo) ; Robert Dean (Riff) ; Nashville Symphony Orchestra ; Kenneth Schermerhorn, conductor.
518 ## - DATE/TIME AND PLACE OF AN EVENT NOTE
Date/time and place of an event note Recorded Sept. 17-18, 2001, Ocean Way Studios, Nashville, Tenn.
546 ## - LANGUAGE NOTE
Language note Sung in English.
650 #0 - SUBJECT ADDED ENTRY--TOPICAL TERM
Topical term or geographic name entry element Musicals.
650 #7 - SUBJECT ADDED ENTRY--TOPICAL TERM
Topical term or geographic name entry element Musicals.
Source of heading or term fast
Authority record control number or standard number (OCoLC)fst01030814
655 #7 - INDEX TERM--GENRE/FORM
Genre/form data or focus term Musicals.
Source of term lcgft
700 1# - ADDED ENTRY--PERSONAL NAME
Personal name Robbins, Jerome.
700 1# - ADDED ENTRY--PERSONAL NAME
Personal name Laurents, Arthur.
Relationship lbt
700 1# - ADDED ENTRY--PERSONAL NAME
Personal name Sondheim, Stephen.
Relationship lbt
700 1# - ADDED ENTRY--PERSONAL NAME
Personal name Kostal, Irwin.
700 1# - ADDED ENTRY--PERSONAL NAME
Personal name Ramin, Sid.
700 1# - ADDED ENTRY--PERSONAL NAME
Personal name Morrison, Betsi.
Relationship prf
700 1# - ADDED ENTRY--PERSONAL NAME
Personal name Cooke, Marianne.
Relationship prf
700 1# - ADDED ENTRY--PERSONAL NAME
Personal name Eldred, Mike.
Relationship prf
700 1# - ADDED ENTRY--PERSONAL NAME
Personal name San Giovanni, Michael.
Relationship prf
700 1# - ADDED ENTRY--PERSONAL NAME
Personal name Dean, Robert,
Dates associated with a name 1968-
Relationship prf
700 1# - ADDED ENTRY--PERSONAL NAME
Personal name Schermerhorn, Kenneth.
Relationship cnd
710 2# - ADDED ENTRY--CORPORATE NAME
Corporate name or jurisdiction name as entry element Nashville Symphony Orchestra.
Relationship prf
830 #0 - SERIES ADDED ENTRY--UNIFORM TITLE
Uniform title American classics (Naxos (Sound recording label))
906 ## - LOCAL DATA ELEMENT F, LDF (RLIN)
a 0
b ibc
c copycat
d 2
e ncip
f 20
g y-soundrec
925 0# -
-- acquire
-- 2 shelf copies
-- policy default
955 ## - COPY-LEVEL INFORMATION (RLIN)
-- vl28 2004-06-09 copy 2 to MBRS/RS
Holdings
Withdrawn status Lost status Damaged status Not for loan Home library Current library Shelving location Date acquired Total checkouts Full call number Barcode Date last seen Price effective from Koha item type
        Troy Troy General stacks 22/03/2026   782.14 LOC-TPL-00019 22/03/2026 22/03/2026 Books